[Event "Chess Olympiad 2012"]
[Site "?"]
[Date "????.??.??"]
[Round "8"]
[White "Aronian, Levon"]
[Black "Kasimdzhanov, Rustam"]
[Result "1/2-1/2"]
[WhiteElo "2816"]
[BlackElo "2684"]
[PlyCount "96"]

1. c4 c6 2. Nf3 d5 3. d4 Nf6 4. Nc3 e6 5. Bg5 h6 6. Bxf6 Qxf6 7. e3 g6 8. Rc1
Nd7 9. Be2 Bg7 10. O-O O-O 11. Qc2 Qe7 12. Rfd1 a6 13. a3 Rb8 14. h3 Kh8 15.
Nd2 Rd8 16. b4 b5 17. c5 e5 18. Nb3 Nf8 19. dxe5 Qxe5 20. Nd4 Qc7 21. h4 Ne6
22. Nb3 Qe5 23. g3 Bd7 24. Bf3 Be8 25. Ne2 f5 26. Nbd4 Nxd4 27. Nxd4 h5 28. a4
Qe7 29. Ra1 Rbc8 30. axb5 axb5 31. Ra6 Rc7 32. Qa2 Rdc8 33. Rd3 Kh7 34. Qd2 Ra7
35. Rda3 Rca8 36. Qa2 Rxa6 37. Rxa6 Rxa6 38. Qxa6 Bxd4 39. exd4 Kg7 40. Qc8
Qe1+ 41. Kg2 Kf8 42. Qd8 Qe7 43. Qb8 Qe1 44. Qd6+ Kf7 45. Qc7+ Kf8 46. Qd8 Kf7
47. Qa5 Kf8 48. Qd8 Kf7 1/2-1/2

[Event "Chess Olympiad 2012"]
[Site "?"]
[Date "????.??.??"]
[Round "8"]
[White "Filippov, Anton"]
[Black "Movsesian, Sergei"]
[Result "1/2-1/2"]
[WhiteElo "2617"]
[BlackElo "2698"]
[PlyCount "95"]

1. e4 c5 2. Nf3 e6 3. d4 cxd4 4. Nxd4 Nc6 5. Nc3 Qc7 6. Be2 a6 7. O-O Nf6 8.
Be3 Be7 9. f4 d6 10. Qe1 O-O 11. Qg3 d5 12. e5 Nxd4 13. Bxd4 Bc5 14. Bxc5 Qxc5+
15. Qf2 Qxf2+ 16. Kxf2 Nd7 17. Bf3 Nb6 18. Rfe1 Bd7 19. Ne2 Rfc8 20. Nd4 Na4
21. b3 Nc3 22. a4 Rab8 23. Rec1 Kf8 24. Ke3 Ke7 25. Kd2 Rc7 26. Ne2 Rbc8 27.
Nxc3 Rxc3 28. Be2 f5 29. Bd3 d4 30. g4 g6 31. gxf5 exf5 32. Rg1 Bc6 33. Rg3 Be4
34. Ra2 a5 35. Bc4 Rxg3 36. hxg3 h5 37. Ra1 Rh8 38. c3 h4 39. gxh4 dxc3+ 40.
Kxc3 Rxh4 41. Rg1 Rg4 42. Rf1 Bc6 43. Rf2 Rh4 44. Kd3 Kf8 45. Ke3 Kg7 46. Be6
Kf8 47. Bc4 Kg7 48. Be6 1/2-1/2

[Event "Chess Olympiad 2012"]
[Site "?"]
[Date "????.??.??"]
[Round "8"]
[White "Georgiev, Vladimir"]
[Black "Kamsky, Gata"]
[Result "0-1"]
[WhiteElo "2566"]
[BlackElo "2746"]
[PlyCount "148"]

1. d4 Nf6 2. c4 g6 3. Nc3 d5 4. Nf3 Bg7 5. Qb3 c6 6. cxd5 cxd5 7. Bf4 Nc6 8. e3
O-O 9. Bd3 Nh5 10. Be5 Bxe5 11. Nxe5 Nxe5 12. dxe5 d4 13. exd4 Qxd4 14. Qd5 Qb4
15. Qb3 Nf4 16. Be4 Qd4 17. O-O Be6 18. Qc2 Qxe5 19. g3 Nh5 20. Bxb7 Rab8 21.
Rfe1 Qc5 22. Bf3 Nf6 23. Rac1 Rfc8 24. Qd2 Rd8 25. Qe2 Qb4 26. b3 a5 27. Red1
h5 28. Ne4 Nxe4 29. Bxe4 Rd6 30. Rxd6 Qxd6 31. Qd3 Rb4 32. Bxg6 Rd4 33. Qb1 Qd5
34. Re1 Rd2 35. Bh7+ Kg7 36. Be4 Qc5 37. Rf1 h4 38. Qa1+ Kg8 39. Qe1 Rxa2 40.
Bb1 Rb2 41. Qe4 Qh5 42. Qd4 hxg3 43. hxg3 Rxb3 44. Qd8+ Kg7 45. Qd4+ f6 46. Qe4
Bf7 47. Qxe7 Qe5 48. Qd7 Rb2 49. Rc1 Qd5 50. Qh3 Qh5 51. Qxh5 Bxh5 52. Rc7+ Kf8
53. Be4 a4 54. Ra7 Be8 55. Ra6 Ke7 56. Bc6 Bxc6 57. Rxc6 a3 58. Ra6 a2 59. Kg2
Kd7 60. g4 Kc7 61. Kg3 Kb7 62. Ra4 Kc6 63. f4 Kb5 64. Ra8 Kb4 65. Kh4 Rh2+ 66.
Kg3 Rd2 67. Kh4 Kb3 68. Kh5 Rd4 69. Rxa2 Kxa2 70. f5 Kb3 71. g5 fxg5 72. Kxg5
Kc4 73. f6 Rd8 74. Kg6 Kd5 0-1

[Event "Chess Olympiad 2012"]
[Site "?"]
[Date "????.??.??"]
[Round "8"]
[White "Naiditsch, Arkadij"]
[Black "Leko, Peter"]
[Result "1-0"]
[WhiteElo "2712"]
[BlackElo "2737"]
[PlyCount "67"]

1. d4 Nf6 2. c4 e6 3. Nc3 Bb4 4. e3 O-O 5. Bd3 d5 6. Nf3 c5 7. O-O cxd4 8. exd4
dxc4 9. Bxc4 b6 10. Bg5 Bb7 11. Rc1 Nc6 12. Re1 Rc8 13. Bd3 Be7 14. Bb1 Re8 15.
h4 g6 16. a3 Rc7 17. Rc2 Nd5 18. Ne4 Nb8 19. Rd2 Kg7 20. h5 Bxg5 21. Nexg5 Nd7
22. Rc2 Rxc2 23. Bxc2 Qe7 24. Qd2 Nf8 25. Bb3 Rc8 26. Ne4 Nd7 27. Nfg5 gxh5 28.
Ng3 Kh8 29. Nf5 Qf6 30. Nd6 Rg8 31. Ndxf7+ Kg7 32. Rxe6 Qf4 33. Qxf4 Nxf4 34.
Re7 1-0

[Event "Chess Olympiad 2012"]
[Site "?"]
[Date "????.??.??"]
[Round "8"]
[White "Almasi, Zoltan"]
[Black "Khenkin, Igor"]
[Result "1/2-1/2"]
[WhiteElo "2713"]
[BlackElo "2656"]
[PlyCount "77"]

1. e4 c6 2. d4 d5 3. e5 c5 4. Nf3 Bg4 5. dxc5 Nc6 6. c3 e6 7. b4 Bxf3 8. Qxf3
Nxe5 9. Bb5+ Nc6 10. O-O Nf6 11. Bf4 Be7 12. Nd2 O-O 13. Rfe1 Nd7 14. Nb3 Bf6
15. Bd6 Re8 16. Rad1 Qc8 17. a3 a6 18. Bxc6 bxc6 19. c4 Nf8 20. g3 Ng6 21. cxd5
exd5 22. Qd3 h5 23. Rxe8+ Qxe8 24. h4 Ne5 25. Bxe5 Qxe5 26. Qf3 g6 27. Rd3 Kg7
28. Kg2 Re8 29. Na5 Qc7 30. Re3 Rxe3 31. Qxe3 Qd7 32. Qd3 Qc8 33. Qe2 Kf8 34.
Qe3 Kg7 35. Qf4 Qe6 36. Qe3 Qd7 37. Qd3 Qc8 38. Qe2 Kf8 39. Qd3 1/2-1/2

[Event "Chess Olympiad 2012"]
[Site "?"]
[Date "????.??.??"]
[Round "8"]
[White "Short, Nigel"]
[Black "Torre, Eugene"]
[Result "0-1"]
[WhiteElo "2698"]
[BlackElo "2469"]
[PlyCount "82"]

1. d4 Nf6 2. c4 e6 3. Nc3 Bb4 4. Qc2 d6 5. a3 Bxc3+ 6. Qxc3 Qe7 7. g3 Bd7 8.
Bg2 Bc6 9. f3 d5 10. b3 O-O 11. Nh3 Re8 12. O-O Nbd7 13. a4 e5 14. e3 Nf8 15.
Nf2 Rad8 16. Nd3 Ng6 17. Nb4 Qe6 18. Nxc6 Qxc6 19. dxe5 Nxe5 20. Bb2 Qc5 21.
Rad1 Nc6 22. Rfe1 dxc4 23. Rxd8 Rxd8 24. Qxc4 Qxc4 25. bxc4 Rd2 26. Rb1 b6 27.
f4 Ne7 28. e4 Nd7 29. Ba3 Nc6 30. e5 Nd4 31. c5 h5 32. cxb6 axb6 33. a5 bxa5
34. Rb7 Ne6 35. Ra7 g6 36. Rxa5 Rd1+ 37. Bf1 c5 38. Ra8+ Kg7 39. Ra7 Nb6 40.
Bb2 Nc4 41. Bc3 Rc1 0-1

[Event "Chess Olympiad 2012"]
[Site "?"]
[Date "????.??.??"]
[Round "8"]
[White "Vachier-Lagrave, Maxime"]
[Black "Dominguez Perez, Leinier"]
[Result "1/2-1/2"]
[WhiteElo "2686"]
[BlackElo "2725"]
[PlyCount "81"]

1. c4 c5 2. Nf3 Nc6 3. d4 cxd4 4. Nxd4 Nf6 5. Nc3 e6 6. g3 Qb6 7. Ndb5 Ne5 8.
Bf4 Nfg4 9. e3 a6 10. Qa4 g5 11. Bxe5 Nxe5 12. O-O-O Be7 13. Be2 O-O 14. Nd4
Qb4 15. Qxb4 Bxb4 16. f4 gxf4 17. gxf4 Ng6 18. h4 b6 19. h5 Ne7 20. Ne4 d5 21.
Rhg1+ Kh8 22. Nf6 Bc5 23. h6 Ng8 24. Nxg8 Rxg8 25. Rxg8+ Kxg8 26. Rg1+ Kh8 27.
Rg7 e5 28. fxe5 Be6 29. cxd5 Bxd5 30. Bd3 Bf8 31. Rxh7+ Kg8 32. e6 fxe6 33. Bg6
Rd8 34. Kc2 Rd6 35. Rc7 Bxh6 36. e4 Bxe4+ 37. Bxe4 Rxd4 38. Bd3 Bf4 39. Rc6 Rd6
40. Rxd6 Bxd6 41. Bxa6 1/2-1/2

[Event "Chess Olympiad 2012"]
[Site "?"]
[Date "????.??.??"]
[Round "8"]
[White "Bruzon Batista, Lazaro"]
[Black "Fressinet, Laurent"]
[Result "1/2-1/2"]
[WhiteElo "2711"]
[BlackElo "2714"]
[PlyCount "61"]

1. e4 e5 2. Nf3 Nc6 3. d4 exd4 4. Nxd4 Bc5 5. Nb3 Bb6 6. Nc3 Nf6 7. Qe2 O-O 8.
Bg5 Nd4 9. Qd2 Nxb3 10. axb3 Re8 11. f3 h6 12. Be3 Bxe3 13. Qxe3 d5 14. O-O-O
c6 15. Qc5 Qb6 16. Qxb6 axb6 17. exd5 Ra1+ 18. Kd2 Rxd1+ 19. Kxd1 Rd8 20. Bd3
Nxd5 21. Nxd5 Rxd5 22. Ke2 Kf8 23. b4 Bf5 24. Bxf5 Rxf5 25. Ra1 Re5+ 26. Kd2
Rd5+ 27. Ke3 Re5+ 28. Kd3 Rd5+ 29. Ke3 Re5+ 30. Kd3 Rd5+ 31. Ke4 1/2-1/2

[Event "Chess Olympiad 2012"]
[Site "?"]
[Date "????.??.??"]
[Round "8"]
[White "Sasikiran, Krishnan"]
[Black "Ivanisevic, Ivan"]
[Result "0-1"]
[WhiteElo "2707"]
[BlackElo "2645"]
[PlyCount "80"]

1. d4 Nf6 2. c4 c5 3. Nf3 cxd4 4. Nxd4 Nc6 5. Nc3 e6 6. a3 Be7 7. g3 Qb6 8. Nc2
d5 9. Bg2 dxc4 10. Be3 Qa5 11. Bd2 Qh5 12. Ne3 O-O 13. Qa4 Nd4 14. Qxc4 e5 15.
h3 Bd8 16. Qd3 Bb6 17. g4 Qh4 18. Na4 Rd8 19. Nxb6 axb6 20. Qc4 Be6 21. Qc7 Nd5
22. Bxd5 Bxd5 23. Nxd5 Rxd5 24. Be3 Rad8 25. Bxd4 exd4 26. Rd1 h5 27. Qxb6 hxg4
28. Rd3 Rf5 29. Rg3 Rc8 30. O-O gxh3 31. Qxb7 Re8 32. Qc6 Ree5 33. Kh2 g6 34.
Qc4 Kg7 35. b4 Re4 36. Qd3 Qf4 37. Kxh3 Re3 38. fxe3 Qxf1+ 39. Kg4 Re5 40. exd4
Re4+ 0-1

[Event "Chess Olympiad 2012"]
[Site "?"]
[Date "????.??.??"]
[Round "8"]
[White "Perunovic, Milos"]
[Black "Harikrishna, Pentala"]
[Result "1/2-1/2"]
[WhiteElo "2614"]
[BlackElo "2685"]
[PlyCount "61"]

1. e4 e5 2. Nf3 Nc6 3. Nc3 Nf6 4. Bb5 Bb4 5. O-O O-O 6. d3 d6 7. Bg5 Ne7 8. Nh4
c6 9. Bc4 d5 10. Bb3 a5 11. a4 Bxc3 12. bxc3 Qd6 13. f4 dxe4 14. fxe5 Qxe5 15.
Bxf6 gxf6 16. dxe4 Ng6 17. Qe1 Nxh4 18. Qxh4 Qxc3 19. Qxf6 Qxf6 20. Rxf6 Be6
21. Bxe6 fxe6 22. Rxe6 Rae8 23. Rxe8 Rxe8 24. Re1 Re5 25. Kf2 Rc5 26. Rb1 b5
27. axb5 cxb5 28. Ke3 Rxc2 29. Rxb5 Rxg2 30. Rxa5 Rxh2 31. Kd4 1/2-1/2

[Event "Chess Olympiad 2012"]
[Site "?"]
[Date "????.??.??"]
[Round "8"]
[White "Vallejo Pons, Francisco"]
[Black "Gelfand, Boris"]
[Result "1/2-1/2"]
[WhiteElo "2697"]
[BlackElo "2738"]
[PlyCount "97"]

1. e4 c5 2. Nc3 Nc6 3. Bb5 Nd4 4. Nf3 e6 5. O-O a6 6. Bd3 Ne7 7. Nxd4 cxd4 8.
Ne2 Nc6 9. b3 Bc5 10. Bb2 O-O 11. c3 dxc3 12. dxc3 d6 13. Nd4 e5 14. Nxc6 bxc6
15. b4 Ba7 16. c4 a5 17. a3 Be6 18. Qc2 Qg5 19. c5 dxc5 20. bxc5 Bh3 21. f3
Rfd8 22. Rfd1 Qe3+ 23. Kh1 Be6 24. Bxe5 Qxc5 25. Qb2 f6 26. Bg3 Rd7 27. Ba6
Rxd1+ 28. Rxd1 a4 29. h4 Bb3 30. Rc1 Qe3 31. Qc3 Rd8 32. Qxc6 h6 33. Kh2 Kh7
34. Bc8 Kh8 35. Bf5 Bd4 36. Qc7 Rg8 37. Bf4 Qf2 38. h5 Qh4+ 39. Bh3 Bb2 40. Rc5
Qf2 41. e5 Bxa3 42. Rc6 Bb2 43. exf6 gxf6 44. Rd6 a3 45. Rd7 Bc2 46. Rd8 Bh7
47. Rd7 Bf5 48. Rd8 Bh7 49. Rd7 1/2-1/2

[Event "Chess Olympiad 2012"]
[Site "?"]
[Date "????.??.??"]
[Round "8"]
[White "Shirov, Alexei"]
[Black "Giri, Anish"]
[Result "1/2-1/2"]
[WhiteElo "2706"]
[BlackElo "2711"]
[PlyCount "60"]

1. d4 Nf6 2. c4 g6 3. Nc3 d5 4. cxd5 Nxd5 5. Bd2 Nb6 6. Nf3 Bg7 7. e3 O-O 8. b4
Bg4 9. Be2 c6 10. a4 Bxf3 11. Bxf3 e5 12. Ne2 exd4 13. exd4 a6 14. O-O N8d7 15.
a5 Nd5 16. b5 axb5 17. Bxd5 cxd5 18. Qb3 Nb8 19. Qxb5 Nc6 20. Ra4 Ra7 21. Rfa1
Qd7 22. Nc3 Qf5 23. Be3 Rd8 24. a6 Qd7 25. Bg5 bxa6 26. Rxa6 Rxa6 27. Rxa6 Nxd4
28. Qxd7 Rxd7 29. Ra8+ Bf8 30. Ra5 Nc6 1/2-1/2

[Event "Chess Olympiad 2012"]
[Site "?"]
[Date "????.??.??"]
[Round "8"]
[White "Laznicka, Viktor"]
[Black "Bologan, Viktor"]
[Result "1/2-1/2"]
[WhiteElo "2683"]
[BlackElo "2734"]
[PlyCount "118"]

1. d4 Nf6 2. Nf3 e6 3. c4 b6 4. g3 Ba6 5. Qa4 Bb7 6. Bg2 c5 7. O-O cxd4 8. Nxd4
Bxg2 9. Kxg2 Be7 10. Nc3 O-O 11. Rd1 Qc8 12. Bf4 a6 13. Nf3 Nc6 14. Kg1 d5 15.
Rac1 dxc4 16. Qxc4 Na5 17. Qa4 Qb7 18. Bd6 Bxd6 19. Rxd6 Rac8 20. Ne5 Ne4 21.
Rdd1 Nxc3 22. Rxc3 Rxc3 23. bxc3 Qc7 24. Qf4 f6 25. Nd7 Qxf4 26. gxf4 Rc8 27.
Nxb6 Rxc3 28. Rd8+ Kf7 29. Ra8 Rc2 30. Rxa6 Nc6 31. e3 Nb4 32. Ra7+ Kg6 33. a4
Nd3 34. a5 Nxf2 35. a6 Ra2 36. Rb7 Nh3+ 37. Kf1 Rxa6 38. Kg2 Nxf4+ 39. exf4
Ra2+ 40. Kg3 Ra3+ 41. Kf2 Rb3 42. Rb8 Kf5 43. Nd7 Rxb8 44. Nxb8 Kxf4 45. Nd7 h5
46. Nc5 Kf5 47. Kf3 g5 48. h3 e5 49. Ke3 h4 50. Kf3 Kg6 51. Nd7 Kf7 52. Ke4 g4
53. hxg4 h3 54. Kf3 e4+ 55. Kg3 e3 56. Nc5 e2 57. Nd3 f5 58. gxf5 Kf6 59. Kxh3
Kxf5 1/2-1/2

[Event "Chess Olympiad 2012"]
[Site "?"]
[Date "????.??.??"]
[Round "8"]
[White "Solak, Dragan"]
[Black "Le, Quang Liem"]
[Result "0-1"]
[WhiteElo "2599"]
[BlackElo "2693"]
[PlyCount "26"]

1. e4 c5 2. Nf3 d6 3. Bb5+ Bd7 4. Bxd7+ Nxd7 5. O-O Ngf6 6. Re1 Rc8 7. c3 Qc7
8. Na3 e6 9. d3 Be7 10. Bf4 O-O 11. Qe2 Qc6 12. d4 cxd4 13. Nxd4 Qa4 {
Nac[Event  "World  Cities  Team  KO"]} 0-1

[Event "Chess Olympiad 2012"]
[Site "?"]
[Date "????.??.??"]
[Round "9"]
[White "Grischuk, Alexander"]
[Black "Kamsky, Gata"]
[Result "0-1"]
[WhiteElo "2763"]
[BlackElo "2746"]
[PlyCount "128"]

1. e4 Nf6 2. e5 Nd5 3. d4 d6 4. Nf3 dxe5 5. Nxe5 c6 6. Be2 Bf5 7. O-O Nd7 8.
Bg4 Bxg4 9. Qxg4 g6 10. c4 Nc7 11. Rd1 Bg7 12. Nc3 Qc8 13. f4 c5 14. Ne2 f5 15.
Qg3 cxd4 16. Nxd4 Nxe5 17. fxe5 Ne6 18. Nxe6 Qxe6 19. Rd5 b5 20. Rxb5 Qxc4 21.
Qb3 Qxb3 22. axb3 a6 23. Rba5 Rd8 24. Kf2 Kf7 25. Bg5 Rhe8 26. Re1 Rb8 27. Ra3
Rb5 28. e6+ Kg8 29. g3 Rb6 30. Re2 h6 31. Be3 Rxe6 32. Bc5 Rc6 33. Bxe7 Kf7 34.
Bb4 Rxe2+ 35. Kxe2 Bxb2 36. Ra2 Be5 37. Bd2 g5 38. b4 Ke6 39. Kd3 Bf6 40. Be3
Be7 41. Rb2 h5 42. b5 axb5 43. Rxb5 g4 44. Bf4 Bf6 45. Rb7 Ra6 46. Rh7 Ra3+ 47.
Ke2 Ra2+ 48. Kf1 Kd5 49. Rxh5 Ke4 50. h3 gxh3 51. Rxh3 Bd4 52. Rh5 Rf2+ 53. Ke1
Rg2 54. Kf1 Kf3 55. Be3 Bxe3 56. Rxf5+ Kxg3 57. Re5 Rf2+ 58. Ke1 Kf4 59. Re8
Ra2 60. Kd1 Kf3 61. Re7 Rd2+ 62. Ke1 Rd8 63. Rf7+ Bf4 64. Rf6 Rc8 0-1

[Event "Chess Olympiad 2012"]
[Site "?"]
[Date "????.??.??"]
[Round "9"]
[White "Onishuk, Alexander"]
[Black "Karjakin, Sergey"]
[Result "1/2-1/2"]
[WhiteElo "2666"]
[BlackElo "2785"]
[PlyCount "62"]

1. d4 Nf6 2. c4 e6 3. g3 d5 4. Nf3 Be7 5. Bg2 O-O 6. O-O dxc4 7. Qc2 a6 8. a4
Bd7 9. Qxc4 Bc6 10. Bg5 Bd5 11. Qc2 Be4 12. Qd1 c5 13. dxc5 Bxc5 14. Qxd8 Rxd8
15. Nbd2 Bc6 16. Rfc1 Nbd7 17. Ne1 Bxg2 18. Kxg2 h6 19. Bxf6 Nxf6 20. Nd3 Bf8
21. Rc2 Nd5 22. Rac1 Nb4 23. Nxb4 Bxb4 24. Nb3 Rab8 25. Nc5 Kf8 26. Rc4 Bxc5
27. Rxc5 Ke7 28. b4 Rd7 29. b5 axb5 30. Rxb5 Ra8 31. Rcb1 Rxa4 1/2-1/2

[Event "Chess Olympiad 2012"]
[Site "?"]
[Date "????.??.??"]
[Round "9"]
[White "Jakovenko, Dmitry"]
[Black "Robson, Ray"]
[Result "1-0"]
[WhiteElo "2722"]
[BlackElo "2598"]
[PlyCount "141"]

1. c4 e5 2. Nc3 Nf6 3. g3 Nc6 4. Bg2 Bc5 5. d3 d6 6. Nf3 h6 7. O-O a6 8. a3 O-O
9. b4 Ba7 10. e3 Rb8 11. Bb2 b5 12. Qc2 Bd7 13. Rfd1 Re8 14. Rac1 Ne7 15. cxb5
axb5 16. d4 exd4 17. Nxd4 Qc8 18. Nce2 Ned5 19. Qb3 Ne7 20. Nf4 c5 21. Nde2 c4
22. Qc2 Ng4 23. Qc3 Nf5 24. Nd5 Bc6 25. Nef4 f6 26. Re1 Ne5 27. Rcd1 Rb7 28.
Qc2 Rf7 29. Be4 Bd7 30. Bxe5 fxe5 31. Ne2 Qd8 32. Nec3 Ref8 33. Rd2 Qg5 34. Bg2
Kh8 35. Ne4 Qg6 36. h3 Bc6 37. Kh2 Qe6 38. Nec3 Qg6 39. a4 bxa4 40. b5 Bd7 41.
b6 Bb8 42. Nxa4 Nh4 43. gxh4 Qxc2 44. Rxc2 Bxa4 45. Rxc4 Bb3 46. Rc3 Bxd5 47.
Bxd5 Rxf2+ 48. Kg1 Rd2 49. Bg2 d5 50. b7 e4 51. Rc8 Rg8 52. Rf1 Kh7 53. Rff8
Rd1+ 54. Kf2 Rxf8+ 55. Rxf8 Rd2+ 56. Ke1 Rxg2 57. Rxb8 Rb2 58. h5 Rb6 59. Kd2
Rb3 60. Kc2 Rb5 61. Kc3 Rb1 62. Kd4 Rb5 63. Ke5 Rb3 64. Kxd5 Rb6 65. Kxe4 Rb5
66. Kd4 Rb3 67. e4 Rb4+ 68. Kd3 g6 69. hxg6+ Kg7 70. e5 Rb6 71. Ke4 1-0

[Event "Chess Olympiad 2012"]
[Site "?"]
[Date "????.??.??"]
[Round "9"]
[White "Aronian, Levon"]
[Black "Naiditsch, Arkadij"]
[Result "1-0"]
[WhiteElo "2816"]
[BlackElo "2712"]
[PlyCount "129"]

1. c4 Nf6 2. Nc3 e6 3. e4 d5 4. e5 d4 5. exf6 dxc3 6. bxc3 Qxf6 7. Nf3 e5 8.
Bd3 Na6 9. O-O Bd6 10. Bc2 Bg4 11. d4 Bxf3 12. Qxf3 Qxf3 13. gxf3 exd4 14. Ba4+
Kd8 15. cxd4 c5 16. d5 Kc7 17. Re1 Nb4 18. Bd2 Nd3 19. Re3 Ne5 20. Rc1 g5 21.
Ba5+ b6 22. Bc3 f6 23. Rce1 Rhg8 24. Kg2 Raf8 25. Re4 Ng6 26. Kh1 Be5 27. Bd2
Kd6 28. R4e3 Nf4 29. Bc2 Rg7 30. Re4 Re7 31. Bxf4 gxf4 32. Rg1 f5 33. Re2 Bd4
34. Rxe7 Kxe7 35. Re1+ Kd8 36. Kg2 Re8 37. Rxe8+ Kxe8 38. Bxf5 h6 39. d6 h5 40.
Kf1 Be5 41. d7+ Ke7 42. Ke2 Bc7 43. Kd3 Kd6 44. Ke4 Kc6 45. h4 a6 46. Bg6 Bd8
47. Bxh5 Bxh4 48. Be8 Bd8 49. Kxf4 b5 50. Ke5 bxc4 51. Ke6 c3 52. Bg6 Kc7 53.
f4 Bh4 54. f3 Bg3 55. Ke7 Bh4+ 56. Ke8 a5 57. Bc2 c4 58. f5 Bd8 59. f4 Bh4 60.
Ba4 Bd8 61. Kf7 c2 62. Bxc2 Kxd7 63. f6 Bc7 64. Ba4+ Kd8 65. Kg8 1-0

[Event "Chess Olympiad 2012"]
[Site "?"]
[Date "????.??.??"]
[Round "9"]
[White "Khenkin, Igor"]
[Black "Movsesian, Sergei"]
[Result "1/2-1/2"]
[WhiteElo "2656"]
[BlackElo "2698"]
[PlyCount "63"]

1. d4 d5 2. c4 c6 3. Nf3 Nf6 4. Nc3 a6 5. e3 b5 6. b3 Bg4 7. Be2 Nbd7 8. h3 Bh5
9. g4 Bg6 10. Ne5 Nxe5 11. dxe5 Ne4 12. Nxe4 Bxe4 13. f3 Bg6 14. cxd5 cxd5 15.
a4 b4 16. Bb2 e6 17. Rc1 Be7 18. Qd4 O-O 19. Kd2 f6 20. h4 fxe5 21. Qxe5 d4 22.
g5 Bd6 23. Qxd4 e5 24. Qd5+ Bf7 25. Qe4 Bg6 26. Qd5+ Bf7 27. Qd3 Qe7 28. Rc6
Rad8 29. Kc2 Kh8 30. Rd1 Bb8 31. Qxa6 Bd5 32. Kb1 1/2-1/2

[Event "Chess Olympiad 2012"]
[Site "?"]
[Date "????.??.??"]
[Round "9"]
[White "Wojtaszek, Radoslaw"]
[Black "Radjabov, Teimour"]
[Result "1-0"]
[WhiteElo "2717"]
[BlackElo "2788"]
[PlyCount "103"]

1. d4 Nf6 2. c4 g6 3. Nc3 Bg7 4. e4 d6 5. Nf3 O-O 6. Be2 e5 7. O-O Nc6 8. d5
Ne7 9. b4 Nh5 10. Re1 f5 11. Ng5 Nf6 12. Bf3 c6 13. dxc6 bxc6 14. exf5 gxf5 15.
b5 e4 16. Be2 c5 17. a4 Ng6 18. Ra3 Kh8 19. Nd5 h6 20. Nh3 Be6 21. Nhf4 Nxf4
22. Nxf4 Bf7 23. Bb2 d5 24. cxd5 Nxd5 25. Qa1 Bxb2 26. Qxb2+ Qf6 27. Qxf6+ Nxf6
28. Rc3 Rac8 29. Rec1 Nd7 30. Bc4 Kh7 31. Be6 Bxe6 32. Nxe6 Rfe8 33. Nxc5 Nb6
34. g3 f4 35. gxf4 Nd5 36. Rc4 e3 37. fxe3 Nxe3 38. Rd4 Re7 39. h3 Rg8+ 40. Kf2
Rg2+ 41. Kf3 Rh2 42. Rd7 Rxh3+ 43. Kf2 Rxd7 44. Nxd7 Kg6 45. Rc7 h5 46. Rxa7 h4
47. b6 Ng4+ 48. Ke2 Re3+ 49. Kd2 h3 50. b7 Rb3 51. Ra6+ Kh5 52. Nb6 1-0

[Event "Chess Olympiad 2012"]
[Site "?"]
[Date "????.??.??"]
[Round "9"]
[White "Mamedyarov, Shakhriyar"]
[Black "Socko, Bartosz"]
[Result "1-0"]
[WhiteElo "2729"]
[BlackElo "2635"]
[PlyCount "89"]

1. d4 Nf6 2. c4 e6 3. Nf3 d5 4. Nc3 c5 5. cxd5 Nxd5 6. e4 Nxc3 7. bxc3 cxd4 8.
cxd4 Bb4+ 9. Bd2 Bxd2+ 10. Qxd2 O-O 11. Bc4 Nd7 12. O-O b6 13. Rfe1 Bb7 14.
Rad1 Rc8 15. Bd3 Re8 16. h4 Nf8 17. h5 h6 18. a4 Nh7 19. Qf4 Rc3 20. Bb5 Rf8
21. d5 exd5 22. exd5 Bxd5 23. Ne5 Nf6 24. Bc4 Qa8 25. Bxd5 Nxd5 26. Qd2 Rd8 27.
Re4 Qb8 28. Ng4 f5 29. Rd4 fxg4 30. Qxc3 Nxc3 31. Rxd8+ Qxd8 32. Rxd8+ Kh7 33.
Kh2 Nxa4 34. Kg3 Nc3 35. Kxg4 a5 36. Kf5 b5 37. f4 b4 38. g4 b3 39. g5 hxg5 40.
fxg5 g6+ 41. hxg6+ Kg7 42. Rd7+ Kg8 43. g7 Kh7 44. g6+ Kg8 45. Kg5 1-0

[Event "Chess Olympiad 2012"]
[Site "?"]
[Date "????.??.??"]
[Round "9"]
[White "Bauer, Christian"]
[Black "Moiseenko, Aleksandr"]
[Result "0-1"]
[WhiteElo "2682"]
[BlackElo "2706"]
[PlyCount "158"]

1. e4 c5 2. Nf3 Nc6 3. d4 cxd4 4. Nxd4 Nf6 5. Nc3 e5 6. Ndb5 d6 7. Bg5 a6 8.
Na3 b5 9. Nd5 Be7 10. Bxf6 Bxf6 11. c4 b4 12. Nc2 O-O 13. Be2 a5 14. O-O Bg5
15. Qd3 Be6 16. Rad1 Kh8 17. Bf3 g6 18. b3 Ra7 19. Qe2 Rd7 20. Rd3 Nb8 21. a3
bxa3 22. Nxa3 Na6 23. Rdd1 Nc5 24. Qc2 f5 25. Nb5 Bh6 26. Ndc3 Qb6 27. exf5
Bxf5 28. Qe2 Nxb3 29. Na4 Qb8 30. Bg4 Nd4 31. Nxd4 exd4 32. Bxf5 Rxf5 33. Rxd4
Bg7 34. Re4 Rf8 35. c5 Qc7 36. cxd6 Qxd6 37. Re8 Rdf7 38. Rxf8+ Rxf8 39. g3 Qc6
40. Nb2 a4 41. Rd1 a3 42. Nc4 Qa4 43. Ne5 Qb3 44. Rd2 Qb1+ 45. Kg2 Qb7+ 46. f3
Ra8 47. Kh3 a2 48. Rxa2 Rxa2 49. Nxg6+ hxg6 50. Qxa2 Qxf3 51. Qc4 Qf5+ 52. Kg2
Be5 53. Qd5 Kg7 54. Qc4 Qd7 55. Qe4 Qd2+ 56. Kh3 Qd7+ 57. Kg2 Bf6 58. h4 Qd6
59. Kh3 Be5 60. h5 gxh5 61. Qf5 Kh6 62. Qf3 Qe6+ 63. Kg2 Bd6 64. Qd3 Qa2+ 65.
Kh3 Qe6+ 66. Kg2 Bc5 67. Qf3 Be3 68. Qf8+ Kg6 69. Qf3 Kg5 70. Qa8 Bb6 71. Qf3
Bc7 72. Qf2 Bb6 73. Qf4+ Kg6 74. Qf3 Qc4 75. Kh3 Qc8+ 76. g4 Kg7 77. Kh4 Bf2+
78. Kxh5 Qe8+ 79. Kg5 Qe5+ 0-1

[Event "Chess Olympiad 2012"]
[Site "?"]
[Date "????.??.??"]
[Round "9"]
[White "Giri, Anish"]
[Black "Gelfand, Boris"]
[Result "1/2-1/2"]
[WhiteElo "2711"]
[BlackElo "2738"]
[PlyCount "60"]

1. Nf3 c5 2. c4 Nc6 3. Nc3 g6 4. g3 Bg7 5. Bg2 e6 6. O-O Nge7 7. e3 d5 8. cxd5
Nxd5 9. d4 cxd4 10. Nxd4 Nxd4 11. exd4 O-O 12. Nxd5 exd5 13. Be3 Be6 14. Qb3
Qb6 15. Rfc1 Bxd4 16. Bxd4 Qxd4 17. Rd1 Qc4 18. Bxd5 Qxb3 19. axb3 Rad8 20.
Bxb7 Rxd1+ 21. Rxd1 Rb8 22. Bd5 Bxd5 23. Rxd5 Rxb3 24. Ra5 Rxb2 25. Rxa7 h5 26.
h4 Kg7 27. Kg2 Kf6 28. Kg1 Rb1+ 29. Kg2 Rb2 30. Kg1 Rb1+ 1/2-1/2

[Event "Chess Olympiad 2012"]
[Site "?"]
[Date "????.??.??"]
[Round "9"]
[White "Sutovsky, Emil"]
[Black "Van Wely, Loek"]
[Result "0-1"]
[WhiteElo "2687"]
[BlackElo "2691"]
[PlyCount "36"]

1. e4 d5 2. exd5 Qxd5 3. Nc3 Qa5 4. d4 Nf6 5. Nf3 c6 6. Bd2 Bf5 7. Ne5 Nbd7 8.
g4 Be6 9. f4 O-O-O 10. Qf3 Nxe5 11. dxe5 Rxd2 12. exf6 Rxc2 13. Bd3 Rxb2 14.
Rc1 exf6 15. O-O h5 16. g5 fxg5 17. Nd1 Bc5+ 18. Kh1 g4 0-1

[Event "Chess Olympiad 2012"]
[Site "?"]
[Date "????.??.??"]
[Round "9"]
[White "Leko, Peter"]
[Black "Caruana, Fabiano"]
[Result "1/2-1/2"]
[WhiteElo "2737"]
[BlackElo "2773"]
[PlyCount "160"]

1. e4 c5 2. Nf3 Nc6 3. Bb5 g6 4. Bxc6 dxc6 5. d3 Bg7 6. h3 b6 7. O-O e5 8. a4
a5 9. Na3 Qc7 10. Nc4 Be6 11. b3 Nf6 12. Ncxe5 Nd7 13. Nxd7 Bxa1 14. Bg5 Bg7
15. Bf6 Bxf6 16. Nxf6+ Ke7 17. e5 h6 18. Qd2 Kd8 19. Qf4 Kc8 20. Nd2 Qe7 21.
Nde4 Kc7 22. Re1 Rad8 23. Nd6 Rxd6 24. exd6+ Qxd6 25. Qf3 Rd8 26. Re3 Kb7 27.
Ne4 Qe5 28. Qe2 Qa1+ 29. Kh2 Qe5+ 30. Ng3 Qc7 31. Kg1 Rd5 32. Ne4 Rd8 33. Nd2
Qf4 34. Nf3 Qf6 35. Ne5 Rd5 36. Qe1 h5 37. Nc4 Rd4 38. Nd2 Rd5 39. Ne4 Qd8 40.
Nc3 Rf5 41. Ne4 Rd5 42. Qa1 Rd4 43. Nd2 Rd7 44. Nf3 Bd5 45. Qd1 Qf6 46. Qe2
Bxf3 47. Rxf3 Qg5 48. Re3 Kc7 49. Re4 Qf6 50. g3 Rd4 51. Re3 Rd7 52. h4 Kd6 53.
Rf3 Qe5 54. Re3 Qf6 55. Kg2 Kc7 56. Re4 Qd6 57. Qe3 Qf6 58. Qe1 Qd6 59. Re8 Rd8
60. Qe7+ Rd7 61. Qxd6+ Kxd6 62. Kf3 Kc7 63. Kf4 b5 64. f3 bxa4 65. bxa4 c4 66.
Ke3 cxd3 67. cxd3 Kb6 68. Re5 c5 69. g4 Rd4 70. gxh5 Rxh4 71. hxg6 fxg6 72.
Re6+ Kc7 73. f4 Rg4 74. Kf3 Rg1 75. Ra6 g5 76. fxg5 Rxg5 77. Rxa5 Kb6 78. Rb5+
Kc6 79. Rb1 Rd5 80. Ke3 Rd4 1/2-1/2

[Event "Chess Olympiad 2012"]
[Site "?"]
[Date "????.??.??"]
[Round "9"]
[White "Brunello, Sabino"]
[Black "Almasi, Zoltan"]
[Result "1/2-1/2"]
[WhiteElo "2586"]
[BlackElo "2713"]
[PlyCount "108"]

1. d4 Nf6 2. c4 e6 3. Nf3 Bb4+ 4. Bd2 Bxd2+ 5. Qxd2 d5 6. g3 c6 7. Bg2 Nbd7 8.
O-O b6 9. Rc1 Bb7 10. cxd5 cxd5 11. a4 O-O 12. a5 Ne4 13. Qb4 Ba6 14. Bf1 Rb8
15. Nc3 Nef6 16. Qa3 bxa5 17. Qxa5 Bc4 18. Nd2 Rxb2 19. Nxc4 dxc4 20. Qxa7 h5
21. Ra2 Qb8 22. e3 Qxa7 23. Rxa7 Rc8 24. Be2 g6 25. Kf1 Nb6 26. Ra5 Nbd5 27.
Nd1 Rb4 28. f3 Nd7 29. e4 N5b6 30. Nc3 Nb8 31. Rb5 Rb3 32. Rc5 Rxc5 33. dxc5
N6d7 34. Na4 Ra3 35. Bd1 Ne5 36. f4 Ng4 37. Bxg4 hxg4 38. Rxc4 Nc6 39. e5 Ra1+
40. Ke2 Ra2+ 41. Ke3 Rxh2 42. Nc3 Rc2 43. Kd3 Rg2 44. Ne4 g5 45. Ke3 gxf4+ 46.
Kxf4 Kg7 47. Nf6 Rf2+ 48. Ke3 Nxe5 49. Kxf2 Nxc4 50. Nxg4 f5 51. Ne3 Ne5 52.
Ke2 Kf6 53. Nc2 Nc6 54. Kd3 Ke5 1/2-1/2